[Event "Romanian-ch Open 2022"]
[Site "Eforie Nord"]
[Date "2022.02.25"]
[Round "7.10"]
[White "Istratescu, Andrei"]
[Black "Filip, Andrei"]
[Result "1/2-1/2"]
[WhiteElo "2470"]
[BlackElo "2216"]
[Annotator "ChessBase"]
[PlyCount "49"]
[EventDate "2022.02.20"]
[EventType "swiss"]
[EventCountry "ROU"]
[SourceTitle "playchess.com"]
[Source "ChessBase"]
[SourceQuality "1"]
[TimeControl "40/5400+30:900+30"]

1. e4 {[%emt 0:00:41]} e5 {[%emt 0:00:08]} 2. Nf3 {[%emt 0:00:08]} Nf6 {[%emt 0:00:06]} 3. Nxe5 {[%emt 0:00:43]} d6 {[%emt 0:00:04]} 4. Nf3 {[%emt 0:00:07]} Nxe4 {[%emt 0:00:05]} 5. d4 {[%emt 0:00:03]} d5 {[%emt 0:00:05]} 6. Bd3 {[%emt 0:00:04]} Bd6 {[%emt 0:00:08]} 7. O-O {[%emt 0:00:29]} O-O {[%emt 0:00:07]} 8. c4 {[%emt 0:00:47]} c6 {[%emt 0:00:03]} 9. Qc2 {[%emt 0:02:44]} Na6 {[%emt 0:00:09]} 10. a3 {[%emt 0:00:05]} Bg4 {[%emt 0:00:11]} 11. Ne5 {[%emt 0:06:38]} Bf5 {[%emt 0:00:06]} 12. Be3 {[%emt 0:22:21]} Nac5 {[%emt 0:01:35]} 13. dxc5 {[%emt 0:00:54]} Bxe5 {[%emt 0:00:06]} 14. cxd5 {[%emt 0:04:45]} cxd5 {[%emt 0:02:01]} 15. Nc3 {[%emt 0:00:33]} Re8 {[%emt 0:37:56]} 16. Nxe4 {[%emt 0:07:07]} Bxe4 {[%emt 0:00:45]} 17. Bxe4 {[%emt 0:03:19]} dxe4 {[%emt 0:00:07]} 18. Rad1 {[%emt 0:00:34]} Qh4 {[%emt 0:05:51]} 19. g3 {[%emt 0:05:22]} Qg4 {[%emt 0:01:46]} 20. Rd2 {[%emt 0:02:49]} h5 {[%emt 0:07:13]} 21. Qd1 {[%emt 0:01:13]} Qg6 {[%emt 0:04:44]} 22. f4 {[%emt 0:04:26]} exf3 {[%emt 0:00:55]} 23. Qxf3 {[%emt 0:02:01]} h4 {[%emt 0:07:09]} 24. Bf2 {[%emt 0:02:32]} hxg3 {[%emt 0:04:10]} 25. hxg3 {[%emt 0:00:13]} 1/2-1/2

[Event "Romanian-ch Open 2022"]
[Site "Eforie Nord"]
[Date "2022.02.25"]
[Round "7.11"]
[White "Ghimpu, Samuel-Timotei"]
[Black "Nastore, Pavel-Alexandru"]
[Result "1-0"]
[WhiteElo "2420"]
[BlackElo "2306"]
[Annotator "ChessBase"]
[PlyCount "108"]
[EventDate "2022.02.20"]
[EventType "swiss"]
[EventCountry "ROU"]
[SourceTitle "playchess.com"]
[Source "ChessBase"]
[SourceQuality "1"]
[TimeControl "40/5400+30:900+30"]

1. e4 {[%emt 0:00:29]} c5 {[%emt 0:00:09]} 2. Nf3 {[%emt 0:00:10]} d6 {[%emt 0:00:13]} 3. c3 {[%emt 0:00:35]} Nf6 {[%emt 0:00:24]} 4. Be2 {[%emt 0:00:08]} e6 {[%emt 0:03:48]} 5. O-O {[%emt 0:01:47]} Be7 {[%emt 0:00:38]} 6. Re1 {[%emt 0:02:32]} O-O {[%emt 0:00:20]} 7. Bf1 {[%emt 0:00:07]} Nbd7 {[%emt 0:05:33]} 8. d4 {[%emt 0:01:05]} a6 {[%emt 0:07:10]} 9. e5 {[%emt 0:02:49]} Ne8 {[%emt 0:10:51]} 10. Nbd2 {[%emt 0:10:08]} b6 {[%emt 0:17:13]} 11. Ne4 {[%emt 0:02:11]} cxd4 {[%emt 0:01:26]} 12. cxd4 {[%emt 0:09:50]} Bb7 {[%emt 0:00:48]} 13. Bf4 {[%emt 0:00:38]} dxe5 {[%emt 0:00:24]} 14. dxe5 {[%emt 0:00:08]} Nc5 {[%emt 0:00:57]} 15. Nd6 {[%emt 0:13:15]} Bd5 {[%emt 0:01:18]} 16. Nxe8 {[%emt 0:09:44]} Rxe8 {[%emt 0:02:57]} 17. b4 {[%emt 0:00:29]} Nd7 {[%emt 0:07:16]} 18. Qd4 {[%emt 0:01:25]} Qc7 {[%emt 0:13:22]} 19. Nd2 {[%emt 0:01:43]} a5 {[%emt 0:08:34]} 20. a3 {[%emt 0:02:11]} axb4 {[%emt 0:07:10]} 21. axb4 {[%emt 0:39:36]} Rxa1 {[%emt 0:00:56]} 22. Rxa1 {[%emt 0:00:00]} Ra8 {[%emt 0:00:17]} 23. Rxa8+ Bxa8 {[%emt 0:00:01]} 24. Ne4 {[%emt 0:00:00]} Qc6 {[%emt 0:04:06]} 25. Nc3 {[%emt 0:00:00]} f6 {[%emt 0:03:31]} 26. b5 {[%emt 0:00:00]} Qb7 {[%emt 0:00:10]} 27. Qc4 {[%emt 0:00:00]} Kf7 {[%emt 0:00:19]} 28. exf6 {[%emt 0:00:00]} Nxf6 {[%emt 0:00:08]} 29. Be3 {[%emt 0:00:00]} Bd6 {[%emt 0:01:37]} 30. f3 {[%emt 0:00:00]} Qc7 {[%emt 0:02:32]} 31. Qxc7+ {[%emt 0:00:00]} Bxc7 {[%emt 0:00:01]} 32. Na4 {[%emt 0:00:00]} Nd5 {[%emt 0:00:09]} 33. Bd4 {[%emt 0:00:00]} e5 {[%emt 0:01:00]} 34. Bf2 {[%emt 0:00:00]} Ke6 {[%emt 0:01:09]} 35. Bd3 {[%emt 0:00:00]} h6 {[%emt 0:00:52]} 36. Be4 {[%emt 0:00:00]} Bd8 {[%emt 0:00:27]} 37. Kf1 {[%emt 0:00:00]} Kd6 {[%emt 0:00:35]} 38. g3 {[%emt 0:00:00]} Bb7 {[%emt 0:00:35]} 39. Ke2 {[%emt 0:00:00]} Bc8 {[%emt 0:00:19]} 40. Bxd5 {[%emt 0:00:00]} Kxd5 {[%emt 0:00:00]} 41. Bxb6 {[%emt 0:00:00]} Bd7 {[%emt 0:04:08]} 42. Nc3+ {[%emt 0:00:00]} Kc4 {[%emt 0:00:03]} 43. Bxd8 {[%emt 0:00:00]} Kxc3 {[%emt 0:00:05]} 44. b6 {[%emt 0:00:00]} Bc6 {[%emt 0:00:12]} 45. Ke3 {[%emt 0:02:09]} Kc4 {[%emt 0:00:10]} 46. f4 {[%emt 0:00:06]} Kd5 {[%emt 0:06:28]} 47. f5 {[%emt 0:00:21]} h5 {[%emt 0:01:40]} 48. Be7 {[%emt 0:01:39]} e4 {[%emt 0:05:16]} 49. Kf4 {[%emt 0:01:38]} e3 {[%emt 0:00:05]} 50. Kxe3 {[%emt 0:01:22]} Ke5 {[%emt 0:00:04]} 51. Bf8 {[%emt 0:00:06]} Kxf5 {[%emt 0:00:04]} 52. Bxg7 {[%emt 0:00:04]} Kg4 {[%emt 0:00:04]} 53. Kd4 {[%emt 0:00:40]} Kh3 {[%emt 0:00:24]} 54. Be5 {[%emt 0:01:05]} Bf3 {[%emt 0:04:32]} 1-0

[Event "Romanian-ch Open 2022"]
[Site "Eforie Nord"]
[Date "2022.02.25"]
[Round "7.12"]
[White "Badea, Bela"]
[Black "Dobre, Claudiu-Cristian"]
[Result "1-0"]
[WhiteElo "2413"]
[BlackElo "2298"]
[Annotator "ChessBase"]
[PlyCount "38"]
[EventDate "2022.02.20"]
[EventType "swiss"]
[EventCountry "ROU"]
[SourceTitle "playchess.com"]
[Source "ChessBase"]
[SourceQuality "1"]
[TimeControl "40/5400+30:900+30"]

1. Nf3 {[%emt 0:00:02]} d5 {[%emt 0:00:07]} 2. g3 {[%emt 0:00:03]} c6 {[%emt 0:00:12]} 3. Bg2 {[%emt 0:00:07]} Bg4 {[%emt 0:00:05]} 4. O-O {[%emt 0:00:26]} Nd7 {[%emt 0:00:06]} 5. d4 {[%emt 0:00:09]} Ngf6 {[%emt 0:00:35]} 6. b3 {[%emt 0:06:51]} e6 {[%emt 0:10:25]} 7. Bb2 {[%emt 0:00:10]} Be7 {[%emt 0:01:42]} 8. Nbd2 {[%emt 0:00:46]} h6 {[%emt 0:00:25]} 9. Ne5 {[%emt 0:15:49]} Bf5 {[%emt 0:01:09]} 10. f4 {[%emt 0:04:55]} Nxe5 {[%emt 0:46:55]} 11. fxe5 {[%emt 0:00:14]} Ng4 {[%emt 0:00:39]} 12. Rf3 {[%emt 0:00:55]} Bg5 {[%emt 0:05:32]} 13. Nf1 {[%emt 0:00:09]} Be4 {[%emt 0:00:51]} 14. Rc3 {[%emt 0:08:13]} Qb6 {[%emt 0:06:07]} 15. e3 {[%emt 0:00:22]} Bxg2 {[%emt 0:00:47]} 16. Kxg2 {[%emt 0:00:02]} h5 {[%emt 0:00:16]} 17. h3 {[%emt 0:04:35]} Nh6 {[%emt 0:00:19]} 18. Qxh5 {[%emt 0:00:16]} Be7 {[%emt 0:00:22]} 19. Rd3 {[%emt 0:03:47]} O-O-O {[%emt 0:02:25]} 1-0

[Event "Romanian-ch Open 2022"]
[Site "Eforie Nord"]
[Date "2022.02.25"]
[Round "7.13"]
[White "Manea, Alexandru"]
[Black "Voiteanu, Gabriel"]
[Result "1-0"]
[WhiteElo "2355"]
[BlackElo "2207"]
[Annotator "ChessBase"]
[PlyCount "123"]
[EventDate "2022.02.20"]
[EventType "swiss"]
[EventCountry "ROU"]
[SourceTitle "playchess.com"]
[Source "ChessBase"]
[SourceQuality "1"]
[TimeControl "40/5400+30:900+30"]

1. d4 {[%emt 0:06:26]} d5 {[%emt 0:00:15]} 2. Nf3 {[%emt 0:00:36]} Nf6 {[%emt 0:00:34]} 3. g3 {[%emt 0:00:10]} g6 {[%emt 0:01:36]} 4. Bg2 {[%emt 0:00:30]} Bg7 {[%emt 0:00:21]} 5. O-O {[%emt 0:00:07]} O-O {[%emt 0:00:08]} 6. c4 {[%emt 0:00:04]} dxc4 {[%emt 0:00:40]} 7. Na3 {[%emt 0:00:11]} Na6 {[%emt 0:00:23]} 8. Nxc4 {[%emt 0:00:49]} c5 {[%emt 0:00:11]} 9. b3 {[%emt 0:03:10]} Be6 {[%emt 0:07:34]} 10. Ng5 {[%emt 0:06:41]} Bd5 {[%emt 0:01:53]} 11. e4 {[%emt 0:09:06]} Bxc4 {[%emt 0:13:44]} 12. bxc4 {[%emt 0:00:04]} h6 {[%emt 0:16:16]} 13. e5 {[%emt 0:01:58]} hxg5 {[%emt 0:10:06]} 14. exf6 {[%emt 0:00:18]} Bxf6 {[%emt 0:00:10]} 15. Bxb7 {[%emt 0:00:07]} Qxd4 {[%emt 0:04:11]} 16. Qxd4 {[%emt 0:00:30]} Bxd4 {[%emt 0:00:18]} 17. Bxg5 {[%emt 0:00:09]} f6 {[%emt 0:22:40]} 18. Be3 {[%emt 0:00:53]} Nb4 {[%emt 0:01:18]} 19. Bxa8 {[%emt 0:03:49]} Rxa8 {[%emt 0:00:24]} 20. Rad1 {[%emt 0:07:23]} e5 {[%emt 0:01:11]} 21. a3 {[%emt 0:01:17]} Nc2 {[%emt 0:02:32]} 22. Bc1 {[%emt 0:00:17]} Rb8 {[%emt 0:00:38]} 23. Rd2 {[%emt 0:02:27]} Na1 {[%emt 0:00:05]} 24. Kg2 {[%emt 0:03:29]} f5 {[%emt 0:02:08]} 25. Ra2 {[%emt 0:02:12]} Nb3 {[%emt 0:01:08]} 26. Bg5 {[%emt 0:06:17]} a5 {[%emt 0:00:41]} 27. a4 {[%emt 0:00:39]} Rb4 {[%emt 0:01:26]} 28. Rb1 {[%emt 0:00:34]} Bc3 {[%emt 0:02:32]} 29. Bd8 {[%emt 0:09:39]} Rb8 {[%emt 0:09:11]} 30. Bc7 {[%emt 0:02:58]} Rb7 {[%emt 0:00:18]} 31. Ra3 {[%emt 0:03:32]} Rxc7 {[%emt 0:00:43]} 32. Raxb3 {[%emt 0:00:31]} Bb4 {[%emt 0:00:17]} 33. Rd3 {[%emt 0:00:08]} e4 {[%emt 0:00:36]} 34. Rd6 {[%emt 0:01:24]} Kf7 {[%emt 0:00:50]} 35. Rbd1 {[%emt 0:00:05]} Bc3 {[%emt 0:00:11]} 36. Rd7+ {[%emt 0:00:11]} Rxd7 {[%emt 0:00:04]} 37. Rxd7+ {[%emt 0:00:05]} Ke6 {[%emt 0:00:02]} 38. Rd5 {[%emt 0:00:09]} Bd4 {[%emt 0:00:19]} 39. Kf1 {[%emt 0:00:10]} g5 {[%emt 0:01:39]} 40. Ke2 {[%emt 0:00:00]} g4 {[%emt 0:00:00]} 41. Kf1 {[%emt 0:02:12]} Kf6 {[%emt 0:01:16]} 42. Kg1 {[%emt 0:00:52]} Ke6 {[%emt 0:00:21]} 43. Kg2 {[%emt 0:00:04]} Kf6 {[%emt 0:00:17]} 44. Rd8 {[%emt 0:01:59]} Ke5 {[%emt 0:00:32]} 45. Re8+ {[%emt 0:00:18]} Kf6 {[%emt 0:01:34]} 46. Ra8 {[%emt 0:00:19]} Bc3 {[%emt 0:01:12]} 47. h3 {[%emt 0:00:19]} Ke5 {[%emt 0:04:02]} 48. Rd8 {[%emt 0:00:26]} gxh3+ {[%emt 0:03:36]} 49. Kxh3 {[%emt 0:00:05]} e3 {[%emt 0:00:18]} 50. fxe3 {[%emt 0:01:38]} Ke4 {[%emt 0:01:01]} 51. Rd5 {[%emt 0:00:11]} Kxe3 {[%emt 0:04:22]} 52. Rxc5 {[%emt 0:01:06]} f4 {[%emt 0:01:53]} 53. gxf4 {[%emt 0:00:27]} Kxf4 {[%emt 0:00:04]} 54. Kg2 {[%emt 0:00:06]} Ke4 {[%emt 0:00:22]} 55. Rd5 {[%emt 0:00:08]} Bb4 {[%emt 0:00:44]} 56. Kg3 {[%emt 0:05:09]} Be7 {[%emt 0:01:06]} 57. Kg4 {[%emt 0:01:13]} Bf6 {[%emt 0:00:25]} 58. Rxa5 {[%emt 0:00:30]} Kd4 {[%emt 0:00:19]} 59. Rf5 {[%emt 0:00:10]} Be7 {[%emt 0:00:57]} 60. a5 {[%emt 0:00:12]} Kxc4 {[%emt 0:00:13]} 61. a6 {[%emt 0:00:07]} Bc5 {[%emt 0:00:02]} 62. Rxc5+ {[%emt 0:39:54]} 1-0

[Event "Romanian-ch Open 2022"]
[Site "Eforie Nord"]
[Date "2022.02.25"]
[Round "7.14"]
[White "Coca, Cristi-Iulian"]
[Black "Vajda, Albert"]
[Result "1/2-1/2"]
[WhiteElo "2147"]
[BlackElo "2351"]
[Annotator "ChessBase"]
[PlyCount "51"]
[EventDate "2022.02.20"]
[EventType "swiss"]
[EventCountry "ROU"]
[SourceTitle "playchess.com"]
[Source "ChessBase"]
[SourceQuality "1"]
[TimeControl "40/5400+30:900+30"]

1. e4 {[%emt 0:01:58]} e5 {[%emt 0:00:12]} 2. Nf3 {[%emt 0:00:09]} Nc6 {[%emt 0:00:11]} 3. Bc4 {[%emt 0:01:43]} Bc5 {[%emt 1:31:37]} 4. c3 {[%emt 0:01:01]} Bb6 {[%emt 0:00:00]} 5. O-O {[%emt 0:01:04]} Nf6 {[%emt 0:00:00]} 6. d4 {[%emt 0:03:28]} Qe7 {[%emt 0:00:00]} 7. Bg5 {[%emt 0:07:45]} d6 {[%emt 0:00:00]} 8. Bb5 {[%emt 0:10:23]} Bd7 {[%emt 0:00:00]} 9. dxe5 {[%emt 0:03:17]} dxe5 {[%emt 0:00:00]} 10. Nbd2 {[%emt 0:01:53]} h6 {[%emt 0:00:00]} 11. Bh4 {[%emt 0:01:39]} O-O-O {[%emt 0:00:00]} 12. Qe2 {[%emt 0:07:24]} g5 {[%emt 0:00:00]} 13. Bg3 {[%emt 0:01:24]} Nh5 {[%emt 0:00:00]} 14. Bxc6 {[%emt 0:03:23]} Bxc6 {[%emt 0:00:00]} 15. Nc4 {[%emt 0:05:55]} Nxg3 {[%emt 0:00:00]} 16. hxg3 {[%emt 0:00:17]} f6 {[%emt 0:00:00]} 17. a4 {[%emt 0:08:10]} Bc5 {[%emt 0:00:00]} 18. b4 {[%emt 0:00:30]} Bd6 {[%emt 0:00:00]} 19. b5 {[%emt 0:02:28]} Bd7 {[%emt 0:00:00]} 20. a5 {[%emt 0:00:59]} Bc5 {[%emt 0:00:00]} 21. Rfb1 {[%emt 0:14:55]} c6 {[%emt 0:00:00]} 22. Ne3 {[%emt 0:09:55]} cxb5 {[%emt 0:00:00]} 23. Nd5 {[%emt 0:01:24]} Qe6 {[%emt 0:00:00]} 24. c4 {[%emt 0:01:40]} Bc6 {[%emt 0:00:00]} 25. cxb5 {[%emt 0:02:25]} Bxd5 {[%emt 0:00:00]} 26. Rc1 {[%emt 0:04:23]} 1/2-1/2

[Event "Romanian-ch Open 2022"]
[Site "Eforie Nord"]
[Date "2022.02.25"]
[Round "7.15"]
[White "Daianu, Cristian-Clement"]
[Black "Bonte, Andrei-Mihai"]
[Result "0-1"]
[WhiteElo "2171"]
[BlackElo "2349"]
[Annotator "ChessBase"]
[PlyCount "94"]
[EventDate "2022.02.20"]
[EventType "swiss"]
[EventCountry "ROU"]
[SourceTitle "playchess.com"]
[Source "ChessBase"]
[SourceQuality "1"]
[TimeControl "40/5400+30:900+30"]

1. e4 {[%emt 0:01:55]} e6 {[%emt 0:01:10]} 2. d4 {[%emt 0:00:36]} d5 {[%emt 0:00:09]} 3. Nd2 {[%emt 0:01:54]} dxe4 {[%emt 0:01:31]} 4. Nxe4 {[%emt 0:00:48]} Nd7 {[%emt 0:00:06]} 5. g3 {[%emt 0:06:57]} b6 {[%emt 0:03:09]} 6. Bg2 {[%emt 0:08:40]} Rb8 {[%emt 0:00:32]} 7. Nf3 {[%emt 0:03:55]} Bb7 {[%emt 0:10:49]} 8. Qe2 {[%emt 0:01:13]} Ngf6 {[%emt 0:01:30]} 9. Ne5 {[%emt 0:04:59]} Nxe5 {[%emt 0:08:38]} 10. dxe5 {[%emt 0:04:24]} Nxe4 {[%emt 0:00:13]} 11. Bxe4 {[%emt 0:00:05]} Bxe4 {[%emt 0:00:03]} 12. Qxe4 {[%emt 0:00:13]} Qd5 {[%emt 0:00:06]} 13. Qxd5 {[%emt 0:00:50]} exd5 {[%emt 0:00:03]} 14. Bf4 {[%emt 0:05:32]} Kd7 {[%emt 0:05:53]} 15. O-O-O {[%emt 0:07:41]} Ke6 {[%emt 0:00:39]} 16. Bd2 {[%emt 0:09:44]} Be7 {[%emt 0:02:13]} 17. f4 {[%emt 0:07:43]} h5 {[%emt 0:00:07]} 18. Rhf1 {[%emt 0:00:20]} g6 {[%emt 0:03:25]} 19. Rf3 {[%emt 0:03:44]} c5 {[%emt 0:02:13]} 20. h3 {[%emt 0:08:21]} Rbg8 {[%emt 0:03:17]} 21. g4 {[%emt 0:01:44]} hxg4 {[%emt 0:00:07]} 22. hxg4 {[%emt 0:00:02]} Rh4 {[%emt 0:00:37]} 23. Rg1 {[%emt 0:07:43]} Rgh8 {[%emt 0:05:24]} 24. Rff1 {[%emt 0:07:03]} Bd8 {[%emt 0:08:18]} 25. Be1 {[%emt 0:00:43]} Rh3 {[%emt 0:00:53]} 26. Bg3 {[%emt 0:02:50]} d4 {[%emt 0:02:10]} 27. c4 {[%emt 0:00:52]} dxc3 {[%emt 0:07:54]} 28. bxc3 {[%emt 0:00:11]} Bc7 {[%emt 0:00:42]} 29. Kc2 {[%emt 0:00:48]} Rd8 {[%emt 0:02:58]} 30. f5+ {[%emt 0:01:46]} Ke7 {[%emt 0:05:32]} 31. Rf3 {[%emt 0:01:31]} c4 {[%emt 0:07:56]} 32. Re1 {[%emt 0:01:07]} b5 {[%emt 0:14:02]} 33. fxg6 {[%emt 0:00:12]} fxg6 {[%emt 0:00:07]} 34. Ref1 {[%emt 0:00:06]} Rd3 {[%emt 0:02:46]} 35. Rf7+ {[%emt 0:00:07]} Ke6 {[%emt 0:00:31]} 36. R1f6+ {[%emt 0:01:13]} Kd5 {[%emt 0:00:05]} 37. Rd7+ {[%emt 0:00:41]} Ke4 {[%emt 0:00:11]} 38. Rf4+ {[%emt 0:00:24]} Ke3 {[%emt 0:01:20]} 39. Rfd4 {[%emt 0:00:48]} Rxg3 {[%emt 0:01:08]} 40. Rxc7 {[%emt 0:00:00]} Rg2+ {[%emt 0:00:00]} 41. Kb1 {[%emt 0:01:18]} Rxd4 {[%emt 0:02:51]} 42. cxd4 {[%emt 0:02:12]} Kxd4 {[%emt 0:01:32]} 43. Rxa7 {[%emt 0:00:14]} Kc3 {[%emt 0:06:57]} 44. Ra3+ {[%emt 0:02:33]} Kd2 {[%emt 0:00:10]} 45. Kb2 {[%emt 0:00:08]} b4 {[%emt 0:01:53]} 46. Ra7 {[%emt 0:01:40]} Kd3+ {[%emt 0:00:07]} 47. Kb1 {[%emt 0:00:08]} Kc3 {[%emt 0:00:13]} 0-1

[Event "Romanian-ch Open 2022"]
[Site "Eforie Nord"]
[Date "2022.02.25"]
[Round "7.16"]
[White "Doncea, Vladimir"]
[Black "Sachilaru, Alexandru"]
[Result "1/2-1/2"]
[WhiteElo "2367"]
[BlackElo "2085"]
[Annotator "NA"]
[PlyCount "68"]
[EventDate "2022.02.20"]
[EventType "swiss"]
[EventCountry "ROU"]
[SourceTitle "playchess.com"]
[Source "ChessBase"]
[SourceQuality "1"]
[TimeControl "40/5400+30:900+30"]

1. d4 {[%emt 0:00:05]} Nf6 {[%emt 0:00:22]} 2. c4 {[%emt 0:00:06]} e6 {[%emt 0:00:27]} 3. Nf3 {[%emt 0:00:31]} b6 {[%emt 0:00:39]} 4. g3 {[%emt 0:00:09]} Bb7 {[%emt 0:00:18]} 5. Bg2 {[%emt 0:00:08]} Be7 {[%emt 0:00:44]} 6. O-O {[%emt 0:00:08]} O-O {[%emt 0:00:07]} 7. Re1 {[%emt 0:00:10]} d5 {[%emt 0:04:17]} 8. Ne5 {[%emt 0:01:31]} Nbd7 {[%emt 0:02:38]} 9. Bf4 {[%emt 0:03:34]} c5 {[%emt 1:25:28]} 10. Nc3 {[%emt 0:00:50]} cxd4 {[%emt 0:00:00]} 11. Qxd4 {[%emt 0:03:20]} Bc5 {[%emt 0:00:00]} 12. Qd2 {[%emt 0:05:15]} Nxe5 {[%emt 0:00:00]} 13. Bxe5 {[%emt 0:00:06]} Bxf2+ {[%emt 0:00:00]} 14. Kxf2 {[%emt 0:00:06]} Ng4+ {[%emt 0:00:00]} 15. Kg1 {[%emt 0:00:07]} Nxe5 {[%emt 0:00:00]} 16. cxd5 {[%emt 0:00:06]} exd5 {[%emt 0:00:00]} 17. Nxd5 {[%emt 0:00:31]} Rc8 {[%emt 0:00:00]} 18. Rad1 {[%emt 0:00:12]} Bxd5 {[%emt 0:00:00]} 19. Qxd5 {[%emt 0:02:54]} Qg5 {[%emt 0:00:00]} 20. Qd2 {[%emt 0:00:43]} Qe7 {[%emt 0:00:00]} 21. b3 {[%emt 0:01:24]} Qc5+ {[%emt 0:00:00]} 22. Qd4 {[%emt 0:04:28]} Qxd4+ {[%emt 0:00:00]} 23. Rxd4 {[%emt 0:00:07]} Rc2 {[%emt 0:00:00]} 24. a4 {[%emt 0:01:30]} Rb2 {[%emt 0:00:00]} 25. Re4 {[%emt 0:03:40]} f6 {[%emt 0:00:00]} 26. Rc1 {[%emt 0:00:12]} Rd8 {[%emt 0:00:00]} 27. Bh3 {[%emt 0:05:00]} Kf8 {[%emt 0:00:00]} 28. Rc7 {[%emt 0:00:52]} a5 {[%emt 0:00:00]} 29. Be6 {[%emt 0:03:08]} Nf3+ {[%emt 0:00:47]} 30. Kf2 {[%emt 0:00:10]} Ng5 {[%emt 0:00:56]} 31. Re3 {[%emt 0:00:12]} Re8 {[%emt 0:01:07]} 32. Bd5 {[%emt 0:11:21]} Nh3+ {[%emt 0:00:16]} 33. Kf3 {[%emt 0:00:09]} Ng1+ {[%emt 0:00:31]} 34. Kf2 {[%emt 0:00:25]} Nh3+ {[%emt 0:00:05]} 1/2-1/2

[Event "Romanian-ch Open 2022"]
[Site "Eforie Nord"]
[Date "2022.02.25"]
[Round "7.17"]
[White "Popescu, Daniel-Vasilica"]
[Black "Stepanencu, Nicodim-Cosmin"]
[Result "1-0"]
[WhiteElo "2064"]
[BlackElo "2334"]
[Annotator "ChessBase"]
[PlyCount "71"]
[EventDate "2022.02.20"]
[EventType "swiss"]
[EventCountry "ROU"]
[SourceTitle "playchess.com"]
[Source "ChessBase"]
[SourceQuality "1"]
[TimeControl "40/5400+30:900+30"]

1. e4 {[%emt 0:01:28]} c5 {[%emt 0:00:05]} 2. Nf3 {[%emt 0:00:16]} d6 {[%emt 0:00:05]} 3. d4 {[%emt 0:00:10]} cxd4 {[%emt 0:00:05]} 4. Nxd4 {[%emt 0:00:08]} Nf6 {[%emt 0:00:04]} 5. Nc3 {[%emt 0:00:06]} a6 {[%emt 0:00:03]} 6. Be2 {[%emt 0:00:44]} g6 {[%emt 0:00:08]} 7. Be3 {[%emt 0:00:19]} Bg7 {[%emt 0:04:50]} 8. g4 {[%emt 0:03:17]} h5 {[%emt 0:04:10]} 9. gxh5 {[%emt 0:06:22]} Nxh5 {[%emt 0:00:29]} 10. Qd2 {[%emt 0:00:11]} Nf6 {[%emt 0:05:15]} 11. O-O-O {[%emt 0:11:49]} Bd7 {[%emt 0:14:47]} 12. f4 {[%emt 0:13:57]} Nc6 {[%emt 0:01:10]} 13. f5 {[%emt 0:07:10]} Ne5 {[%emt 0:24:52]} 14. fxg6 {[%emt 0:01:16]} fxg6 {[%emt 0:00:04]} 15. Rdf1 {[%emt 0:09:20]} Bh3 {[%emt 0:12:23]} 16. Rfg1 {[%emt 0:13:57]} Rc8 {[%emt 0:04:19]} 17. Rg3 {[%emt 0:11:04]} Qd7 {[%emt 0:12:09]} 18. Rhg1 {[%emt 0:00:21]} Rxc3 {[%emt 0:01:02]} 19. Qxc3 {[%emt 0:02:23]} Nxe4 {[%emt 0:00:06]} 20. Qb3 {[%emt 0:00:37]} Nxg3 {[%emt 0:00:07]} 21. Rxg3 {[%emt 0:00:26]} d5 {[%emt 0:04:53]} 22. Qb6 {[%emt 0:00:56]} Bf6 {[%emt 0:04:37]} 23. Bg5 {[%emt 0:05:59]} Rf8 {[%emt 0:00:02]} 24. Bh6 {[%emt 0:01:29]} Rf7 {[%emt 0:00:01]} 25. Bxa6 {[%emt 0:06:21]} bxa6 {[%emt 0:00:32]} 26. Rxh3 {[%emt 0:00:05]} Rh7 {[%emt 0:02:13]} 27. Ne6 {[%emt 0:01:34]} Nc6 {[%emt 0:01:13]} 28. Qe3 {[%emt 0:01:00]} d4 {[%emt 0:00:22]} 29. Qe4 {[%emt 0:00:40]} Kf7 {[%emt 0:00:21]} 30. Nf8 {[%emt 0:00:51]} Bg5+ {[%emt 0:04:15]} 31. Kd1 {[%emt 0:00:05]} Rxh6 {[%emt 0:01:18]} 32. Nxd7 {[%emt 0:00:10]} Rxh3 {[%emt 0:00:00]} 33. Qxc6 {[%emt 0:00:10]} Bf4 {[%emt 0:00:00]} 34. Qd5+ {[%emt 0:00:29]} Ke8 {[%emt 0:00:20]} 35. Nf6+ {[%emt 0:00:18]} Kf8 {[%emt 0:00:18]} 36. Qg8# {[%emt 0:03:02]} 1-0

[Event "Romanian-ch Open 2022"]
[Site "Eforie Nord"]
[Date "2022.02.25"]
[Round "7.18"]
[White "Patrascu, Catalin-Lucian"]
[Black "Veress, Armand"]
[Result "0-1"]
[WhiteElo "2310"]
[BlackElo "2034"]
[Annotator "NA"]
[PlyCount "56"]
[EventDate "2022.02.20"]
[EventType "swiss"]
[EventCountry "ROU"]
[SourceTitle "playchess.com"]
[Source "ChessBase"]
[SourceQuality "1"]
[TimeControl "40/5400+30:900+30"]

1. e4 {[%emt 0:00:02]} c5 {[%emt 0:00:06]} 2. Nf3 {[%emt 0:00:05]} Nc6 {[%emt 0:00:06]} 3. d4 {[%emt 0:00:07]} cxd4 {[%emt 0:00:06]} 4. Nxd4 {[%emt 0:00:03]} g6 {[%emt 0:00:14]} 5. Nc3 {[%emt 0:00:04]} Bg7 {[%emt 0:00:12]} 6. Be3 {[%emt 0:00:51]} Nf6 {[%emt 0:00:16]} 7. Bc4 {[%emt 0:00:22]} O-O {[%emt 0:00:38]} 8. Bb3 {[%emt 0:00:33]} a6 {[%emt 0:00:32]} 9. Nxc6 {[%emt 0:09:50]} bxc6 {[%emt 0:01:35]} 10. e5 {[%emt 0:04:18]} Ne8 {[%emt 0:00:13]} 11. f4 {[%emt 0:01:17]} d6 {[%emt 0:02:06]} 12. Ne4 {[%emt 0:17:08]} Qc7 {[%emt 0:12:24]} 13. Qf3 {[%emt 0:13:36]} dxe5 {[%emt 0:17:33]} 14. O-O-O {[%emt 0:00:56]} Nf6 {[%emt 0:04:32]} 15. Nxf6+ {[%emt 0:08:34]} Bxf6 {[%emt 0:04:40]} 16. g4 {[%emt 0:11:21]} e4 {[%emt 0:19:42]} 17. Qg2 {[%emt 0:03:36]} a5 {[%emt 0:01:36]} 18. a4 {[%emt 0:05:07]} Rb8 {[%emt 0:05:14]} 19. Rd2 {[%emt 0:07:54]} c5 {[%emt 0:02:02]} 20. Rd5 {[%emt 0:03:27]} Bd4 {[%emt 0:11:28]} 21. Qd2 {[%emt 0:02:04]} Be6 {[%emt 0:01:38]} 22. Bxd4 {[%emt 0:01:49]} cxd4 {[%emt 0:00:50]} 23. Qxa5 {[%emt 0:01:33]} Qxf4+ {[%emt 0:00:11]} 24. Kb1 {[%emt 0:01:20]} Bxd5 {[%emt 0:00:20]} 25. Qxd5 {[%emt 0:01:02]} Rfd8 {[%emt 0:00:30]} 26. Qc4 {[%emt 0:00:27]} d3 {[%emt 0:01:04]} 27. cxd3 {[%emt 0:00:21]} Qf3 {[%emt 0:02:49]} 28. Ka2 {[%emt 0:03:55]} Rxb3 {[%emt 0:01:01]} 0-1